| 000 | 00000nam##2200000za#4500 |
| 001 | 9.607711 |
| 003 | CaOODSP |
| 005 | 20210624213248 |
| 007 | cr ||||||||||| |
| 008 | 150406|1999||||xxc|||||o f|0| 0 fre|d |
| 040 | |aCaOODSP|bfre |
| 043 | |an-cn--- |
| 086 | 1 |aNH18-22/99-119F-PDF |
| 110 | 2 |aSociété canadienne d'hypothèques et de logement. |
| 245 | 10|aDirectives pratiques à l'intention des concepteurs, entrepreneurs et promoteurs quant à l'adoption de mesures d'étanchéité à l'air dans des bâtiments commerciaux de grande hauteur / |h[ressource électronique] |
| 260 | |aOttawa - Ontario : |bSociété canadienne d'hypothèques et de logement |c[1999]. |
| 300 | |a4p.|btableau |
| 490 | 1 |aLe point en recherche et développement; série technique|v99-119 |
| 590 | |a14-16-Supp|b2014-09-25 |
| 775 | 08|tPractical guidelines for designers, contractors, and developers on the installation of air leakage control measures in new and existing high-rise commercial buildings |w(CaOODSP)9.572270 |
| 830 | #0|aLe point en recherche et développement; série technique ;|v99-119|w(CaOODSP)9.500900 |
| 856 | 40|ahttp://publications.gc.ca|qPDF|s100 Ko|uhttps://publications.gc.ca/collections/collection_2014/schl-cmhc/NH18-22-99-119-fra.pdf|y99-119 |